Introduction to pharmaceutical calculations / (Record no. 17416)
[ view plain ]
| 000 -LEADER | |
|---|---|
| fixed length control field | 00679nam a22002412 4500 |
| 001 - CONTROL NUMBER | |
| control field | 0000024962 |
| 003 - CONTROL NUMBER IDENTIFIER | |
| control field | OSt |
| 005 - DATE AND TIME OF LATEST TRANSACTION | |
| control field | 20190207160515.0 |
| 008 - FIXED-LENGTH DATA ELEMENTS--GENERAL INFORMATION | |
| fixed length control field | 140402s xx 000 0 eng d |
| 020 ## - INTERNATIONAL STANDARD BOOK NUMBER | |
| International Standard Book Number | 0857111685 : |
| 040 ## - CATALOGING SOURCE | |
| Original cataloging agency | KABU |
| Transcribing agency | KABU |
| 100 1# - MAIN ENTRY--PERSONAL NAME | |
| Personal name | Rees, Judith A. |
| 245 10 - TITLE STATEMENT | |
| Title | Introduction to pharmaceutical calculations / |
| Statement of responsibility, etc. | Judith A. Rees, Ian Smith, Brian Smith. |
| 250 ## - EDITION STATEMENT | |
| Edition statement | 4th ed. |
| 260 ## - PUBLICATION, DISTRIBUTION, ETC. (IMPRINT) | |
| Place of publication, distribution, etc. | London : |
| Name of publisher, distributor, etc. | Pharmaceutical Press, |
| Date of publication, distribution, etc. | 2015. |
| 300 ## - PHYSICAL DESCRIPTION | |
| Extent | xii, 268p. |
| 650 #0 - SUBJECT ADDED ENTRY--TOPICAL TERM | |
| Topical term or geographic name as entry element | Pharmaceutical arithmetic. |
| 700 1# - ADDED ENTRY--PERSONAL NAME | |
| Personal name | Smith Ian. |
| 700 1# - ADDED ENTRY--PERSONAL NAME | |
| Personal name | Smith, Brian. |
| 908 ## - PUT COMMAND PARAMETER (RLIN) | |
| Put command parameter | 140402 |
| 942 ## - ADDED ENTRY ELEMENTS (KOHA) | |
| Source of classification or shelving scheme | Library of Congress Classification |
| Koha item type | General Collection |
| Withdrawn status | Lost status | Source of classification or shelving scheme | Not for loan | Home library | Current library | Date acquired | Total Checkouts | Full call number | Barcode | Checked out | Date last seen | Date last checked out | Price effective from | Koha item type |
|---|---|---|---|---|---|---|---|---|---|---|---|---|---|---|
| Library of Congress Classification | Kabarak, Main Campus | Kabarak, Main Campus | 07/02/2019 | 7 | RS57 .R44 2015 c.1 | 022928 | 24/04/2026 | 08/04/2026 | 08/04/2026 | 07/02/2019 | General Collection |